| 000 | 00930cab a2200241 4500 | ||
|---|---|---|---|
| 001 | ABS45943 | ||
| 008 | 090401t1992 xxu||||| |||| 00| 0 eng d | ||
| 035 | _a(Sirsi) u56008 | ||
| 041 | _aeng | ||
| 245 | _aDamages for emotional distress | ||
| 260 | _c1992 | ||
| 350 | _a0 | ||
| 490 |
_aEstates Gazette _v(9207) 22 February 1992, 131-132(2) |
||
| 520 | _aThis "Mainly for Students" article asks the question to what extent may a victim of a breach of contract claim damages for emotional distress? With reference to case law, topics covered include employment contracts, holidays, professional clients, leases, and commercial contracts. | ||
| 650 | _aBERNSTEIN V PAMSON MOTORS (GOLDERS GREEN) LTD | ||
| 650 | _aBREACH OF CONTRACT | ||
| 650 | _aHAYES V JAMES AND CHARLES DODD (A FIRM) | ||
| 650 | _aPERRY V SIDNEY PHILLIPS AND SON | ||
| 650 | _aWATTS V MORROW | ||
| 690 | _aLAW | ||
| 942 | _n0 | ||
| 948 | _c04/03/1997 | ||
| 999 |
_c34206 _d34206 |
||